00995nam a22002537a 45000010005000000030006000050050017000110080041000280200017000690400030000860820008001161000024001242450090001482600038002383000043002764900035003195050008003545200266003625210020006285210020006486500018006686500023006867000032007099773FISKH20260213143647.0260213b cb ||||| |||| 00| 0 eng d a078073003990 aFISKHbeng cFISKHdFISKH a813 aMlodinow , Leonard  aThe last dinosaur /cby Leonard Mlodinow & Matt Costello : Illustrated by Joshua Nash aNew York : bScholastic ,c2004 . a58 pages : billustrations ;c19 cm .  aKids of Einstein Elementaryv1 aG  aThree kids travel to the time of the dinosaurs. They are trying to help a baby dinosaur find his mother. But an asteroid is about to hit the Earth. And a scary meat-eater is chasing them! Only math can save them! And you can help the kids figure out what to do!8 a380 bLexile 8 aG bRaz-Plus  aMathvFiction aDinosaursvFiction aNash , JoshuaeIllustrator